Natural pesticides from the neem tree (azadirachta indica A. Juss) : proceedings of the ... ,16-18 June 1980

Bibliographic Details
Corporate Author: INTERNATIONAL Neem Conference
Other Authors: Ascher, Rembold, Schmutterer
Format: Book
Published: Eschborn, Fed. Rep. of Germany : German Agency for Technical Cooperation , 1981
Subjects:

MARC

LEADER 00000cam a2200000 7i4500
001 0000002345
005 20030529.0
090 0 0 |a 583.77   |b INT 1981 
110 1 0 |a INTERNATIONAL Neem Conference   |i 1st   |k 1980   |j Rottach-Egern, Federal Republic of Germany 
245 1 0 |a Natural pesticides from the neem tree (azadirachta indica A. Juss) :   |b proceedings of the ... ,16-18 June 1980   |c edited by H. Schmutterer, K. R. S. Ascher, H. Rembold 
260 0 0 |a Eschborn, Fed. Rep. of Germany :   |b German Agency for Technical Cooperation ,   |c 1981 
300 |a 297 p. :   |b ill. ;   |c 21 cm. 
500 0 0 |a Includes bibliographies 
650 0 0 |a Neem products   |x Congresses 
650 0 0 |a Neem   |x Congresses 
700 0 1 |a Ascher   |h K. R. S. 
700 0 1 |a Rembold   |h H. 
700 0 1 |a Schmutterer   |h H. 
998 |a JPSM 
999 |a 0000004150   |b Monograph   |c Open Shelf   |e Default branch